Normal view
MARC view
Entry Personal Name
001 - CONTROL NUMBER
- control field: 2628
003 - CONTROL NUMBER IDENTIFIER
- control field: ARRUPE
005 - DATE AND TIME OF LATEST TRANSACTION
- control field: 20131022164513.0
008 - FIXED-LENGTH DATA ELEMENTS
- fixed length control field: 131022|| aca||aabn | a|a d
040 ## - CATALOGING SOURCE
- Original cataloging agency: ARRUPE
- Transcribing agency: ARRUPE
100 ## - HEADING--PERSONAL NAME
- Personal name: Jesus Christ
- General subdivision: Appearances.
670 ## - SOURCE DATA FOUND
- Source citation: Work cat.: (ARRUPE)0: Butcher, John Beverley. 2627, Telling the untold stories :, c2000.